Statystyki dla Stacje metra (M1)

Kliknij tutaj aby rozwiązać quiz!

Ogólne statystyki

  • Ten quiz został rozwiązany 27 razy
  • Średni wynik to 17 z 21

Statystyki odpowiedzi

DzielnicaStacja% Poprawnych
BielanyMłociny
100%
UrsynówKabaty
92%
BielanyStare Bielany
92%
ŚródmieścieCentrum
88%
ŚródmieściePolitechnika
88%
ŚródmieścieŚwiętokrzyska
88%
UrsynówUrsynów
88%
UrsynówImielin
85%
ŻoliborzMarymont
85%
BielanyWawrzyszew
85%
ŚródmieścieDworzec Gdański
81%
ŻoliborzPlac Wilsona
81%
MokotówRacławicka
81%
ŚródmieścieRatusz Arsenał
81%
UrsynówNatolin
77%
BielanySłodowiec
77%
MokotówPola Mokotowskie
73%
MokotówSłużew
73%
MokotówWierzbno
73%
UrsynówStokłosy
69%
MokotówWilanowska
69%

Rozkład punktacji

Percentyl według liczby udzielonych odpowiedzi

Procent ludzi z każdym wynikiem

Twoja historia wyników

Nie rozwiązałeś tego quizu